000 00675 a2200229 4500
999 _c216439
_d216439
005 20260319144158.0
008 260319b ||||| |||| 00| 0 eng d
020 _a9781780288185
040 _aLC
_cUNZA
_eRDA
050 _a BF 698.35
_bCAM 2015
100 _aCampling, Matthew
_eauthor
245 _aThe 12 - type enneagram :
_bknow your type improve your life /
_cMatthew Campling.
260 _aLondon :
_bWatkins Publishers,
_c2015.
300 _a249 pages.
336 _aText
337 _aUnmediated
338 _aVolume
504 _aInclude index.
650 _aEnneagram (Personality classification)
650 _aPersonality (Psychology)
942 _cBOOK